000 00601nam a2200229Ia 4500
003 OSt
005 20230619161627.0
008 210423s2012 xx 000 0 und d
020 _a978-81-265-1789-3
040 _cAL
041 _aeng
082 _a801 EAGL
100 _aEAGLETON (Terry)
_9104975
245 _aLiterary theory: an introduction
260 _aNew Delhi
_bPenguin Books Ltd
_c2012
300 _axiv,234
_bPB
365 _b695
_cINR
650 _aLiterary Theory
_9104976
650 _aLiterature
_9104977
906 _aan ; introduction ; Literary ; theory:
942 _2ddc
_cBK
999 _c166285
_d166285